Statistiques concernant Villes les plus peuplées du monde commençant par E-F

Cliquez ici pour prendre le quiz!

Statistiques générales

  • Ce quiz a été pris 114 fois
  • Le résultat moyen est 5 sur 10

Statistiques - réponses

PaysVilles% Correct
ItalieFlorence
88%
AllemagneFrancfort-sur-le-Main
87%
ArménieErevan
78%
Sierra LeoneFreetown
69%
CanadaEdmonton
46%
BrésilFortaleza
45%
PakistanFaisalabad
29%
JaponFukuoka
29%
ChineFuzhou
16%
Afrique du SudEkurhuleni
1%

Distribution des résultats

Percentile par nombre de réponses

% des personnes avec chaque résultat

Votre développement - résultats

Vous n’avez pas pris ce quiz